00329nam a2200133Ia 4500008004100000100003800041245003000079250001200109260003000121300000800151650001400159942000700173999001500180190216s9999||||xx |||||||||||||| ||und|| aStefan H Robock And Leo M Solomon 0aInternational Development a1st Ed. bOceana Publicationsc1966 a197 aEconomics cBK c9173d9173